ISC Commerce volume-II for Class XII (Record no. 175111)

MARC details
000 -LEADER
fixed length control field 00574nam a22001817a 4500
005 - DATE AND TIME OF LATEST TRANSACTION
control field 20200807120752.0
010 ## - LCCN (DPL NO)
LC control number ENG-128325
020 ## - INTERNATIONAL STANDARD BOOK NUMBER
Terms of availability 620.00
International Standard Book Number 9789352838257
035 ## - SYSTEM CONTROL NUMBER
System control number EN-111857
037 ## - SOURCE OF ACQUISITION
Source of stock number/acquisition DBAD/PUB
082 ## - DEWEY DECIMAL CLASSIFICATION NUMBER
Classification number 381
100 ## - MAIN ENTRY--PERSONAL NAME
Personal name Gupta,C.B
245 ## - TITLE STATEMENT
Title ISC Commerce volume-II for Class XII
Statement of responsibility, etc by C.B. Gupta
260 ## - PUBLICATION, DISTRIBUTION, ETC. (IMPRINT)
Place of publication, distribution, etc New Delhi
Name of publisher, distributor, etc S.Chand
Date of publication, distribution, etc 2020
270 ## - ADDRESS
Address Head Office:7361,Ram Nagar,Qutab Rord
City New Delhi
Postal code 110055
Telephone number 23672080
Fax number 91-11-23677446
Electronic mail address info@schandpublishing.com
300 ## - PHYSICAL DESCRIPTION
Extent xv;424p.
Dimensions 24cm(pbk)
942 ## - ADDED ENTRY ELEMENTS (KOHA)
Source of classification or shelving scheme Dewey Decimal Classification
Item type English Books
Classification part 381
Call number suffix GUP
Holdings
Withdrawn status Lost status Not for loan Collection code Home library Current library Date acquired Source of acquisition Cost, normal purchase price Full call number Barcode Copy number Cost, replacement price Koha item type
      Non-fiction Sarojini Nagar Sarojini Nagar 07/08/2020 DBAD/PUB 620.00 381 GUP EN-111857 1 620.00 English Books

© Delhi Public Library
Hit Counter
free hit counter